000 00508nam a2200181 a 4500
005 20140310183214.0
008 000519s19uu xx 00 eng d
020 _a0028621905
050 _aPN 4775
_b.So55 1998
100 _aSova, Dawn B.
245 _aHow to write :
_barticles for newspapers and magazines /
_cDawn B. Sova.
260 _aUSA :
_bMacmillan USA,
_c1998.
300 _a119 p. :
_bill. ;
_c19 cm
521 _aMC
650 _aArticles
_xWriting.
942 _cBK
_2lcc
_kFOR
999 _c20206
_d20206